000 00466nam a2200169Ia 4500
001 13633
003 GE_BSU
008 181216s||||||||xx |||||||||||||| ||und||
040 _cGE_BSU
245 _aInternational Political Science Review. volume 35, number 4, September 2014
245 _cGenaral Editors Marian Sawer and Mark Kesselman
260 _aUSA
260 _c2014
300 _a502p.24cm.
653 _ainternational political science review
942 _cCR
999 _c46787
_d46787